[Event "Speed Chess (Women) GP4"]
[Site "Chess.com INT"]
[Date "2020.07.16"]
[Round "2.4"]
[White "Kosteniuk, Alexandra"]
[Black "Harika, Dronavalli"]
[Result "1-0"]
[WhiteElo "2471"]
[BlackElo "2515"]
[PlyCount "59"]
[EventDate "2020.07.15"]
[EventType "k.o. (blitz)"]
[EventRounds "4"]
[EventCountry "USA"]
[SourceTitle "CBM 197 Extra"]
[Source "ChessBase"]
[SourceDate "2020.09.30"]
[SourceVersion "1"]
[SourceVersionDate "2020.09.30"]
[SourceQuality "1"]

1. e4 e6 2. d4 d5 3. Nc3 Bb4 4. a3 Bxc3+ 5. bxc3 dxe4 6. Qg4 Nf6 7. Qxg7 Rg8 8.
Qh6 Rg6 9. Qe3 Nc6 10. Ne2 Qd6 11. Ng3 e5 12. Bb2 exd4 13. cxd4 Nd5 14. Nxe4
Qe7 15. Qe2 Re6 16. f3 f5 17. O-O-O fxe4 18. fxe4 Nf4 19. Qd2 Rxe4 20. d5 Bg4
21. dxc6 Bxd1 22. cxb7 Rd8 23. Bb5+ Kf8 24. Rxd1 Rxd2 25. b8=Q+ Kf7 26. Kxd2
Qc5 27. Kc1 Ne2+ 28. Bxe2 Rxe2 29. Qb3+ Ke8 30. Qg8+ 1-0

[Event "Speed Chess (Women) GP4"]
[Site "Chess.com INT"]
[Date "2020.07.16"]
[Round "2.5"]
[White "Harika, Dronavalli"]
[Black "Kosteniuk, Alexandra"]
[Result "0-1"]
[WhiteElo "2515"]
[BlackElo "2471"]
[PlyCount "48"]
[EventDate "2020.07.15"]
[EventType "k.o. (blitz)"]
[EventRounds "4"]
[EventCountry "USA"]
[SourceTitle "CBM 197 Extra"]
[Source "ChessBase"]
[SourceDate "2020.09.30"]
[SourceVersion "1"]
[SourceVersionDate "2020.09.30"]
[SourceQuality "1"]

1. d4 Nf6 2. g3 e6 3. Bg2 d5 4. Nf3 b5 5. O-O Be7 6. a4 b4 7. c4 bxc3 8. Nxc3
a5 9. Bf4 O-O 10. Qb3 Na6 11. Rfc1 c5 12. Nb5 c4 13. Qd1 Nd7 14. Ne5 Nxe5 15.
Bxe5 f6 16. Bf4 Bb7 17. Rxc4 e5 18. Be3 dxc4 19. Bxb7 Nb4 20. Bxa8 Qxa8 21.
dxe5 fxe5 22. Qd7 Nd5 23. Nc3 Nxe3 24. Qxe7 Qg2# 0-1

[Event "Speed Chess (Women) GP4"]
[Site "Chess.com INT"]
[Date "2020.07.16"]
[Round "2.6"]
[White "Kosteniuk, Alexandra"]
[Black "Harika, Dronavalli"]
[Result "1/2-1/2"]
[WhiteElo "2471"]
[BlackElo "2515"]
[PlyCount "147"]
[EventDate "2020.07.15"]
[EventType "k.o. (blitz)"]
[EventRounds "4"]
[EventCountry "USA"]
[SourceTitle "CBM 197 Extra"]
[Source "ChessBase"]
[SourceDate "2020.09.30"]
[SourceVersion "1"]
[SourceVersionDate "2020.09.30"]
[SourceQuality "1"]

1. e4 e5 2. Nf3 Nc6 3. Bb5 a6 4. Ba4 d6 5. c3 Bd7 6. d4 g6 7. O-O Bg7 8. Bg5 f6
9. Be3 Nh6 10. dxe5 fxe5 11. Bb3 Nf7 12. a4 Qe7 13. a5 O-O 14. Ng5 Ncd8 15. f4
exf4 16. Bxf4 Ne6 17. Nxe6 Bxe6 18. Nd2 Rae8 19. Nf3 h6 20. Ra4 g5 21. Bg3 Kh8
22. Bxe6 Qxe6 23. Rb4 Nd8 24. Bf2 Rf7 25. Nd4 Bxd4 26. Bxd4+ Kg8 27. Rxf7 Qxf7
28. Bf2 Rf8 29. Qd2 Qe6 30. Qd5 Qxd5 31. exd5 Rf5 32. Rd4 Kf7 33. c4 Ke8 34. h4
Kd7 35. Be3 Nf7 36. hxg5 hxg5 37. b3 Ne5 38. Bd2 c6 39. dxc6+ Nxc6 40. Rg4 Nxa5
41. b4 Nc6 42. Bxg5 Nxb4 43. Bd2 Nd3 44. Rd4 Ne5 45. c5 Nf7 46. cxd6 Rf6 47.
Bf4 Nxd6 48. g4 Rg6 49. g5 b5 50. Kf2 Ke7 51. Ke2 Nc4 52. Kd3 Ke8 53. Re4+ Kf7
54. Rd4 Re6 55. Rd7+ Kg6 56. Ra7 Kf5 57. Bc1 Ne5+ 58. Kc2 Rc6+ 59. Kb1 Nc4 60.
Rf7+ Kg6 61. Rf8 a5 62. Rg8+ Kf5 63. Rf8+ Kg6 64. Rg8+ Kf7 65. Rb8 b4 66. Rh8
Rc5 67. Rh6 Na3+ 68. Bxa3 bxa3 69. Ka2 Rxg5 70. Kxa3 Rf5 71. Ra6 Ke7 72. Ka4
Kd7 73. Rxa5 Rxa5+ 74. Kxa5 1/2-1/2

[Event "Speed Chess (Women) GP4"]
[Site "Chess.com INT"]
[Date "2020.07.16"]
[Round "2.7"]
[White "Harika, Dronavalli"]
[Black "Kosteniuk, Alexandra"]
[Result "0-1"]
[WhiteElo "2515"]
[BlackElo "2471"]
[PlyCount "94"]
[EventDate "2020.07.15"]
[EventType "k.o. (blitz)"]
[EventRounds "4"]
[EventCountry "USA"]
[SourceTitle "CBM 197 Extra"]
[Source "ChessBase"]
[SourceDate "2020.09.30"]
[SourceVersion "1"]
[SourceVersionDate "2020.09.30"]
[SourceQuality "1"]

1. d4 Nf6 2. g3 e6 3. Bg2 c5 4. Nf3 Nc6 5. O-O cxd4 6. Nxd4 Bc5 7. Nb3 Be7 8.
c4 O-O 9. Nc3 b6 10. Bf4 Bb7 11. Bd6 Ne8 12. Nb5 a6 13. Bxe7 Qxe7 14. N5d4 Rd8
15. Rc1 Ba8 16. c5 Nxd4 17. Qxd4 Bxg2 18. Kxg2 bxc5 19. Nxc5 d6 20. Nd3 Qb7+
21. f3 Nf6 22. Rc2 e5 23. Qb4 Qa8 24. Qa4 e4 25. Nf4 Rfe8 26. Qc6 Qxc6 27. Rxc6
g5 28. Nh3 exf3+ 29. exf3 Nd5 30. Kf2 Rc8 31. Rfc1 Rb8 32. b3 Red8 33. Nxg5 Nb4
34. Ne4 Nd3+ 35. Ke3 Nxc1 36. Rxc1 Kg7 37. Rc6 d5 38. Nf6 d4+ 39. Kd2 a5 40.
Nh5+ Kf8 41. g4 a4 42. bxa4 Rb2+ 43. Kd3 Rxa2 44. Nf4 Ra3+ 45. Ke2 d3+ 46. Kd2
Ra2+ 47. Kd1 d2 0-1

[Event "Speed Chess (Women) GP4"]
[Site "Chess.com INT"]
[Date "2020.07.16"]
[Round "2.8"]
[White "Kosteniuk, Alexandra"]
[Black "Harika, Dronavalli"]
[Result "0-1"]
[WhiteElo "2471"]
[BlackElo "2515"]
[PlyCount "76"]
[EventDate "2020.07.15"]
[EventType "k.o. (blitz)"]
[EventRounds "4"]
[EventCountry "USA"]
[SourceTitle "CBM 197 Extra"]
[Source "ChessBase"]
[SourceDate "2020.09.30"]
[SourceVersion "1"]
[SourceVersionDate "2020.09.30"]
[SourceQuality "1"]

1. e4 e5 2. Nf3 Nc6 3. Bb5 a6 4. Ba4 d6 5. c3 Bd7 6. d4 g6 7. O-O Bg7 8. Bg5
Nge7 9. dxe5 dxe5 10. c4 O-O 11. Nc3 f6 12. Be3 Kh8 13. Qd2 Bg4 14. Qxd8 Raxd8
15. Nd5 Bxf3 16. gxf3 Nxd5 17. cxd5 Nd4 18. Bxd4 exd4 19. Rac1 b5 20. Bb3 Rd7
21. Rc6 f5 22. Rxa6 Re7 23. Re6 Rxe6 24. dxe6 c5 25. exf5 c4 26. Bd1 gxf5 27.
f4 Re8 28. Re1 d3 29. a4 Bxb2 30. axb5 c3 31. Ba4 c2 32. b6 Re7 33. b7 Rxb7 34.
e7 Rxe7 35. Rxe7 c1=Q+ 36. Kg2 Qxf4 37. Re8+ Kg7 38. Bb3 Bd4 0-1

[Event "Speed Chess (Women) GP4"]
[Site "Chess.com INT"]
[Date "2020.07.16"]
[Round "2.9"]
[White "Harika, Dronavalli"]
[Black "Kosteniuk, Alexandra"]
[Result "1/2-1/2"]
[WhiteElo "2515"]
[BlackElo "2471"]
[PlyCount "140"]
[EventDate "2020.07.15"]
[EventType "k.o. (blitz)"]
[EventRounds "4"]
[EventCountry "USA"]
[SourceTitle "CBM 197 Extra"]
[Source "ChessBase"]
[SourceDate "2020.09.30"]
[SourceVersion "1"]
[SourceVersionDate "2020.09.30"]
[SourceQuality "1"]

1. g3 Nf6 2. Nf3 b6 3. Bg2 Bb7 4. O-O e6 5. b3 Be7 6. Bb2 O-O 7. e3 c5 8. Qe2
d5 9. c4 Qc8 10. Nc3 Rd8 11. d3 dxc4 12. bxc4 Nc6 13. Rfd1 Na5 14. Ne1 Bxg2 15.
Nxg2 Qc6 16. f4 Rd7 17. g4 Rad8 18. g5 Ne8 19. h4 a6 20. h5 b5 21. cxb5 axb5
22. h6 c4 23. dxc4 Nxc4 24. Rxd7 Rxd7 25. Rc1 Nxb2 26. Qxb2 b4 27. Ne2 Qb7 28.
hxg7 Rc7 29. Rxc7 Qxc7 30. Nd4 Nxg7 31. Qe2 Bc5 32. Nf3 Nf5 33. Ne5 Qa7 34. Ng4
Kf8 35. Kh2 Ke7 36. Qb2 Ke8 37. Qh8+ Ke7 38. Qf6+ Ke8 39. Ne5 Bf8 40. e4 Nd4
41. Nxf7 Qxf7 42. Qxd4 Qh5+ 43. Kg1 Qf3 44. Qb6 Qd1+ 45. Kh2 Qh5+ 46. Kg3 Qe2
47. Qxe6+ Be7 48. Qg8+ Kd7 49. Qd5+ Ke8 50. Nh4 Qe1+ 51. Kg4 Qe2+ 52. Kf5 Qa6
53. Qe6 Qb5+ 54. Qd5 Qa6 55. e5 Qc8+ 56. e6 Qc2+ 57. Kg4 Qe2+ 58. Nf3 Qg2+ 59.
Kf5 Qc2+ 60. Qe4 Qc5+ 61. Ne5 Qa5 62. Qc6+ Kf8 63. Qc8+ Kg7 64. Qe8 Qc5 65.
Qf7+ Kh8 66. g6 Qc2+ 67. Kg4 Qg2+ 68. Kf5 Qc2+ 69. Kg4 Qg2+ 70. Kf5 Qc2+
1/2-1/2

[Event "Speed Chess (Women) GP4"]
[Site "Chess.com INT"]
[Date "2020.07.16"]
[Round "2.10"]
[White "Kosteniuk, Alexandra"]
[Black "Harika, Dronavalli"]
[Result "1-0"]
[WhiteElo "2471"]
[BlackElo "2515"]
[PlyCount "53"]
[EventDate "2020.07.15"]
[EventType "k.o. (blitz)"]
[EventRounds "4"]
[EventCountry "USA"]
[SourceTitle "CBM 197 Extra"]
[Source "ChessBase"]
[SourceDate "2020.09.30"]
[SourceVersion "1"]
[SourceVersionDate "2020.09.30"]
[SourceQuality "1"]

1. e4 e5 2. Nf3 Nc6 3. Bc4 Nf6 4. d4 exd4 5. e5 Ne4 6. O-O Be7 7. Re1 Nc5 8.
Nxd4 O-O 9. Nf5 Ne6 10. Nc3 d6 11. Nxe7+ Qxe7 12. exd6 cxd6 13. Nd5 Qd8 14. c3
Ne5 15. Bb3 Nc5 16. Bc2 Be6 17. Bf4 Ng6 18. Bg3 a5 19. Ne3 Ra6 20. Nf5 Bxf5 21.
Bxf5 a4 22. Qd4 Qb6 23. Rab1 Qb5 24. Bxd6 Ne6 25. Bxe6 Rd8 26. Bc4 Qd7 27. Bxa6
1-0

[Event "Speed Chess (Women) GP4"]
[Site "Chess.com INT"]
[Date "2020.07.17"]
[Round "3.1"]
[White "Kosteniuk, Alexandra"]
[Black "Khademalsharieh, Sarasadat"]
[Result "1-0"]
[WhiteElo "2471"]
[BlackElo "2494"]
[PlyCount "83"]
[EventDate "2020.07.15"]
[EventType "k.o. (blitz)"]
[EventRounds "4"]
[EventCountry "USA"]
[SourceTitle "CBM 197 Extra"]
[Source "ChessBase"]
[SourceDate "2020.09.30"]
[SourceVersion "1"]
[SourceVersionDate "2020.09.30"]
[SourceQuality "1"]

1. e4 e5 2. Nf3 Nc6 3. Bb5 a6 4. Ba4 d6 5. c3 f5 6. exf5 Bxf5 7. O-O Bd3 8. Re1
Be7 9. Na3 Nf6 10. Re3 Bf5 11. d4 e4 12. d5 exf3 13. dxc6 b5 14. Bb3 d5 15. Nc2
Bxc2 16. Bxc2 fxg2 17. Qe2 Kf7 18. a4 Bc5 19. Rf3 Re8 20. Be3 Bxe3 21. fxe3 Qd6
22. Qxg2 Qxc6 23. Raf1 Re6 24. Rg3 g6 25. axb5 axb5 26. h4 Ke7 27. Rgf3 Qb6 28.
Qg5 Rf8 29. Bb3 c6 30. Kh1 Qc7 31. Bc2 Qd6 32. Ra1 Qc7 33. e4 dxe4 34. Qc5+ Kf7
35. Rf2 Re5 36. Qe3 Kg8 37. Ra7 Qd6 38. Bb3+ Kh8 39. Qh6 Rg8 40. Bxg8 Qd1+ 41.
Kg2 Qg4+ 42. Kh2 1-0

[Event "Speed Chess (Women) GP4"]
[Site "Chess.com INT"]
[Date "2020.07.17"]
[Round "3.2"]
[White "Khademalsharieh, Sarasadat"]
[Black "Kosteniuk, Alexandra"]
[Result "1-0"]
[WhiteElo "2494"]
[BlackElo "2471"]
[PlyCount "83"]
[EventDate "2020.07.15"]
[EventType "k.o. (blitz)"]
[EventRounds "4"]
[EventCountry "USA"]
[SourceTitle "CBM 197 Extra"]
[Source "ChessBase"]
[SourceDate "2020.09.30"]
[SourceVersion "1"]
[SourceVersionDate "2020.09.30"]
[SourceQuality "1"]

1. d4 Nf6 2. c4 e6 3. Nf3 b6 4. a3 Bb7 5. Nc3 Ne4 6. Nxe4 Bxe4 7. e3 Be7 8. Bd3
d5 9. O-O O-O 10. b4 Nd7 11. Bb2 f5 12. Rc1 c5 13. dxc5 bxc5 14. b5 Bf6 15.
Bxf6 Qxf6 16. cxd5 exd5 17. Bxe4 dxe4 18. Qxd7 exf3 19. Qd5+ Qf7 20. Qxf3 Rac8
21. Rc3 c4 22. Rfc1 Rc5 23. a4 Rd8 24. h3 Qc7 25. e4 fxe4 26. Qxe4 Rc8 27. h4
h6 28. Qg4 h5 29. Qe4 Re5 30. Qg6 Rce8 31. g3 Re1+ 32. Kg2 R8e6 33. Qxh5 Rxc1
34. Rxc1 Re5 35. Qf3 Rc5 36. Rc3 Qe5 37. Re3 Qb8 38. Re7 Qf8 39. Qxf8+ Kxf8 40.
Rxa7 c3 41. b6 c2 42. b7 1-0

[Event "Speed Chess (Women) GP4"]
[Site "Chess.com INT"]
[Date "2020.07.17"]
[Round "3.3"]
[White "Kosteniuk, Alexandra"]
[Black "Khademalsharieh, Sarasadat"]
[Result "1-0"]
[WhiteElo "2471"]
[BlackElo "2494"]
[PlyCount "55"]
[EventDate "2020.07.15"]
[EventType "k.o. (blitz)"]
[EventRounds "4"]
[EventCountry "USA"]
[SourceTitle "CBM 197 Extra"]
[Source "ChessBase"]
[SourceDate "2020.09.30"]
[SourceVersion "1"]
[SourceVersionDate "2020.09.30"]
[SourceQuality "1"]

1. e4 e5 2. Nf3 Nc6 3. Bb5 a6 4. Ba4 d6 5. c3 Bd7 6. d4 g6 7. h4 Nf6 8. dxe5
Nxe5 9. Nxe5 dxe5 10. Bxd7+ Qxd7 11. Qf3 Bg7 12. Bg5 Qc6 13. Nd2 h5 14. O-O O-O
15. Rfe1 Rad8 16. Rad1 Rd6 17. Qg3 Nh7 18. Be7 Qb5 19. Bxd6 cxd6 20. Nb3 Qa4
21. Rxd6 Qxa2 22. Nc5 Qxb2 23. Qd3 Nf6 24. Rb1 Qa3 25. Nxb7 Ng4 26. f3 Nf6 27.
Rxa6 Qe7 28. Qd6 1-0

[Event "Speed Chess (Women) GP4"]
[Site "Chess.com INT"]
[Date "2020.07.17"]
[Round "3.4"]
[White "Khademalsharieh, Sarasadat"]
[Black "Kosteniuk, Alexandra"]
[Result "1-0"]
[WhiteElo "2494"]
[BlackElo "2471"]
[PlyCount "115"]
[EventDate "2020.07.15"]
[EventType "k.o. (blitz)"]
[EventRounds "4"]
[EventCountry "USA"]
[SourceTitle "CBM 197 Extra"]
[Source "ChessBase"]
[SourceDate "2020.09.30"]
[SourceVersion "1"]
[SourceVersionDate "2020.09.30"]
[SourceQuality "1"]

1. d4 Nf6 2. c4 e6 3. Nf3 Bb4+ 4. Bd2 Qe7 5. g3 Bxd2+ 6. Qxd2 Nc6 7. Bg2 Ne4 8.
Qc2 Qb4+ 9. Nc3 Nxc3 10. Qxc3 Qxc3+ 11. bxc3 d6 12. Nd2 Rb8 13. Rb1 Na5 14. O-O
b6 15. c5 dxc5 16. dxc5 Ke7 17. cxb6 cxb6 18. Nb3 Nxb3 19. axb3 Bb7 20. Ra1 a5
21. b4 Bxg2 22. Kxg2 Ra8 23. bxa5 bxa5 24. Rfb1 Ra7 25. Ra4 Rc8 26. c4 Rc5 27.
Kf3 Kd6 28. Ke3 Kc6 29. Rb8 Re5+ 30. Kf3 Kc7 31. Rg8 Rg5 32. h4 Rg6 33. h5 Rg5
34. Ke3 h6 35. Kd4 Kc6 36. Rc8+ Rc7 37. Rxc7+ Kxc7 38. c5 Rxh5 39. Rxa5 Rd5+
40. Kc4 Kb7 41. Rb5+ Kc6 42. Rb6+ Kc7 43. Ra6 Kb7 44. Ra2 h5 45. Kb5 g5 46. e4
Rd3 47. c6+ Kb8 48. Kb6 Rb3+ 49. Kc5 h4 50. gxh4 gxh4 51. Kd6 h3 52. c7+ Kb7
53. Ra7+ Kxa7 54. c8=Q h2 55. Qc5+ Kb7 56. Qh5 Rb6+ 57. Ke7 f5 58. e5 1-0

[Event "Speed Chess (Women) GP4"]
[Site "Chess.com INT"]
[Date "2020.07.17"]
[Round "3.5"]
[White "Kosteniuk, Alexandra"]
[Black "Khademalsharieh, Sarasadat"]
[Result "1/2-1/2"]
[WhiteElo "2471"]
[BlackElo "2494"]
[PlyCount "92"]
[EventDate "2020.07.15"]
[EventType "k.o. (blitz)"]
[EventRounds "4"]
[EventCountry "USA"]
[SourceTitle "CBM 197 Extra"]
[Source "ChessBase"]
[SourceDate "2020.09.30"]
[SourceVersion "1"]
[SourceVersionDate "2020.09.30"]
[SourceQuality "1"]

1. e4 e5 2. Nf3 Nc6 3. Bb5 a6 4. Ba4 d6 5. c3 f5 6. exf5 Bxf5 7. O-O Bd3 8. Re1
Be7 9. Bc2 Bxc2 10. Qxc2 Nf6 11. d4 e4 12. Ng5 d5 13. f3 h6 14. Ne6 Qd7 15. Nf4
O-O 16. Nd2 Bd6 17. Ng6 Rfe8 18. f4 Qf5 19. Ne5 Ng4 20. Nf1 Ngxe5 21. fxe5 Be7
22. Ng3 Qe6 23. Ne2 Bg5 24. Bxg5 hxg5 25. Qd2 Qg6 26. Qe3 Ne7 27. Ng3 Rf8 28.
c4 c6 29. cxd5 cxd5 30. Rac1 Rac8 31. Qb3 b5 32. Rxc8 Rxc8 33. Nxe4 Rc4 34. Nd6
Rxd4 35. Qc3 Rd3 36. Qc7 Qe6 37. Qd8+ Kh7 38. Qe8 Qg4 39. h3 Qd4+ 40. Kh1 Qh4
41. Rf1 Rxh3+ 42. gxh3 Qxh3+ 43. Kg1 Qg3+ 44. Kh1 Qh3+ 45. Kg1 Qg3+ 46. Kh1
Qh3+ 1/2-1/2

[Event "Speed Chess (Women) GP4"]
[Site "Chess.com INT"]
[Date "2020.07.17"]
[Round "3.6"]
[White "Khademalsharieh, Sarasadat"]
[Black "Kosteniuk, Alexandra"]
[Result "1/2-1/2"]
[WhiteElo "2494"]
[BlackElo "2471"]
[PlyCount "112"]
[EventDate "2020.07.15"]
[EventType "k.o. (blitz)"]
[EventRounds "4"]
[EventCountry "USA"]
[SourceTitle "CBM 197 Extra"]
[Source "ChessBase"]
[SourceDate "2020.09.30"]
[SourceVersion "1"]
[SourceVersionDate "2020.09.30"]
[SourceQuality "1"]

1. d4 Nf6 2. c4 e6 3. Nf3 Bb4+ 4. Bd2 Qe7 5. g3 Bxd2+ 6. Qxd2 Nc6 7. b3 O-O 8.
Nc3 d6 9. Bg2 e5 10. O-O exd4 11. Nxd4 Nxd4 12. Qxd4 Re8 13. Rad1 a6 14. Rd3
Qe5 15. Qxe5 Rxe5 16. Rc1 Rb8 17. e3 Bf5 18. Rd2 h5 19. Nd5 Nxd5 20. cxd5 Rc8
21. Rd4 Kf8 22. Rb4 b5 23. Rc6 a5 24. Rd4 Bd7 25. Ra6 a4 26. h4 axb3 27. axb3
f6 28. Rd2 g5 29. Rd4 Ree8 30. Ra7 Re7 31. Rb7 Ke8 32. Bf1 Kd8 33. Bxb5 Bxb5
34. Rxb5 Re5 35. Kg2 Ra8 36. Ra4 Rxa4 37. bxa4 Re4 38. a5 gxh4 39. gxh4 Rxh4
40. f4 Rg4+ 41. Kf2 Rh4 42. Kg3 Rh1 43. a6 Ra1 44. Rb8+ Kd7 45. Ra8 Ra3 46. Kh4
Rxe3 47. Kxh5 Rd3 48. a7 Ra3 49. Kg6 Ke7 50. f5 Ra4 51. Kh6 Rh4+ 52. Kg6 Rg4+
53. Kh5 Ra4 54. Kh6 Rh4+ 55. Kg7 Rg4+ 56. Kh6 Rh4+ 1/2-1/2

[Event "Speed Chess (Women) GP4"]
[Site "Chess.com INT"]
[Date "2020.07.17"]
[Round "3.7"]
[White "Kosteniuk, Alexandra"]
[Black "Khademalsharieh, Sarasadat"]
[Result "1/2-1/2"]
[WhiteElo "2471"]
[BlackElo "2494"]
[PlyCount "174"]
[EventDate "2020.07.15"]
[EventType "k.o. (blitz)"]
[EventRounds "4"]
[EventCountry "USA"]
[SourceTitle "CBM 197 Extra"]
[Source "ChessBase"]
[SourceDate "2020.09.30"]
[SourceVersion "1"]
[SourceVersionDate "2020.09.30"]
[SourceQuality "1"]

1. e4 e5 2. Bc4 Nf6 3. d3 Nc6 4. Nc3 Bb4 5. Nf3 d5 6. exd5 Nxd5 7. O-O Bxc3 8.
bxc3 O-O 9. Bd2 Bg4 10. Qe2 Re8 11. h3 Bh5 12. Qe4 Nf6 13. Qe3 Nd5 14. Qe4 Nf6
15. Qe3 Nd5 16. Qg5 Bxf3 17. Qxd8 Raxd8 18. gxf3 Nce7 19. a4 a5 20. Bxd5 Nxd5
21. c4 Nf4 22. Bxf4 exf4 23. Rfe1 Kf8 24. Re4 g5 25. Rb1 b6 26. c5 Rxe4 27.
fxe4 bxc5 28. Rb5 c4 29. dxc4 Rd4 30. Rc5 Rxe4 31. Kg2 h6 32. Kf3 Rd4 33. Rxc7
Rd2 34. Rc5 Rxc2 35. h4 gxh4 36. Rxa5 h3 37. Rh5 Rxc4 38. Rxh3 Kg7 39. a5 Rc5
40. Kxf4 Rxa5 41. Rb3 Ra4+ 42. Kg3 Kg6 43. f3 f6 44. Rb8 Ra5 45. Rg8+ Kf7 46.
Rb8 Rg5+ 47. Kh4 Rf5 48. Kg4 Rd5 49. Rc8 Kg6 50. Rg8+ Kf7 51. Rh8 Kg7 52. Rc8
Rd4+ 53. Kf5 Rd5+ 54. Kg4 Rg5+ 55. Kh4 Kg6 56. Rh8 Rh5+ 57. Kg4 f5+ 58. Kf4
Rh4+ 59. Kg3 Ra4 60. Rg8+ Kf7 61. Rh8 Kg7 62. Rc8 h5 63. Rc6 h4+ 64. Kh3 Rf4
65. Kg2 Kf7 66. Rd6 Ke7 67. Rh6 Kf7 68. Kf2 Ra4 69. Kg2 Rf4 70. Kf2 Kg7 71. Rd6
h3 72. Kg3 h2 73. Kxh2 Rxf3 74. Kg2 Re3 75. Kf2 Re4 76. Rc6 Kf7 77. Rd6 Re6 78.
Rxe6 Kxe6 79. Kf3 Ke5 80. Ke3 f4+ 81. Kf3 Kf5 82. Kf2 Ke4 83. Ke2 f3+ 84. Kf2
Kf4 85. Kf1 Ke3 86. Ke1 f2+ 87. Kf1 Kf3 1/2-1/2

[Event "Speed Chess (Women) GP4"]
[Site "Chess.com INT"]
[Date "2020.07.17"]
[Round "3.8"]
[White "Khademalsharieh, Sarasadat"]
[Black "Kosteniuk, Alexandra"]
[Result "0-1"]
[WhiteElo "2494"]
[BlackElo "2471"]
[PlyCount "112"]
[EventDate "2020.07.15"]
[EventType "k.o. (blitz)"]
[EventRounds "4"]
[EventCountry "USA"]
[SourceTitle "CBM 197 Extra"]
[Source "ChessBase"]
[SourceDate "2020.09.30"]
[SourceVersion "1"]
[SourceVersionDate "2020.09.30"]
[SourceQuality "1"]

1. d4 Nf6 2. c4 e6 3. Nf3 c5 4. d5 b5 5. Bg5 h6 6. Bxf6 Qxf6 7. Qc2 exd5 8.
cxd5 c4 9. e4 Bb4+ 10. Nbd2 d6 11. h3 Nd7 12. a4 Nc5 13. axb5 c3 14. bxc3 Bxc3
15. Ra3 Bb4 16. Re3 O-O 17. Be2 Qa1+ 18. Qd1 Qxd1+ 19. Kxd1 Bd7 20. Nd4 a6 21.
b6 Ba4+ 22. Ke1 Rfb8 23. Bd1 Rxb6 24. Bxa4 Nxa4 25. Ke2 Nc3+ 26. Kf3 Nb5 27.
Rd3 Nxd4+ 28. Rxd4 a5 29. Nc4 Rba6 30. Rb1 Bc5 31. Rd2 a4 32. Ra2 a3 33. Rb3
Ra4 34. Nd2 g5 35. Ke2 Re8 36. f3 f5 37. Kd3 fxe4+ 38. Nxe4 Rexe4 39. fxe4 Rd4+
40. Kc3 Rxe4 41. Kd3 Rd4+ 42. Kc3 Rxd5 43. Rb8+ Kg7 44. Re2 Rd1 45. g4 Rc1+ 46.
Kd2 Rf1 47. Re7+ Rf7 48. Rxf7+ Kxf7 49. Kd3 Ke6 50. Rh8 Kd5 51. Kc2 Kc4 52.
Rxh6 d5 53. Rg6 d4 54. Rxg5 d3+ 55. Kb1 d2 56. Kc2 a2 0-1

[Event "Speed Chess (Women) GP4"]
[Site "Chess.com INT"]
[Date "2020.07.17"]
[Round "3.9"]
[White "Kosteniuk, Alexandra"]
[Black "Khademalsharieh, Sarasadat"]
[Result "1-0"]
[WhiteElo "2471"]
[BlackElo "2494"]
[PlyCount "55"]
[EventDate "2020.07.15"]
[EventType "k.o. (blitz)"]
[EventRounds "4"]
[EventCountry "USA"]
[SourceTitle "CBM 197 Extra"]
[Source "ChessBase"]
[SourceDate "2020.09.30"]
[SourceVersion "1"]
[SourceVersionDate "2020.09.30"]
[SourceQuality "1"]

1. e4 e5 2. Nf3 Nc6 3. Bc4 Bc5 4. b4 Bxb4 5. c3 Ba5 6. d4 d6 7. Qb3 Qd7 8. O-O
Bb6 9. Nbd2 Na5 10. Qc2 Nxc4 11. Nxc4 exd4 12. cxd4 Ne7 13. a4 a6 14. Nxb6 cxb6
15. Ba3 O-O 16. d5 Ng6 17. Nd4 Qe7 18. Rfe1 Qf6 19. Ne2 Re8 20. Rab1 b5 21.
axb5 axb5 22. Bb2 Qh4 23. Ng3 Nf4 24. Bd4 Ra4 25. Qd2 Qg5 26. Be3 Raxe4 27.
Bxf4 Qxf4 28. Nxe4 1-0

[Event "Speed Chess (Women) GP4"]
[Site "Chess.com INT"]
[Date "2020.07.17"]
[Round "3.10"]
[White "Khademalsharieh, Sarasadat"]
[Black "Kosteniuk, Alexandra"]
[Result "0-1"]
[WhiteElo "2494"]
[BlackElo "2471"]
[PlyCount "78"]
[EventDate "2020.07.15"]
[EventType "k.o. (blitz)"]
[EventRounds "4"]
[EventCountry "USA"]
[SourceTitle "CBM 197 Extra"]
[Source "ChessBase"]
[SourceDate "2020.09.30"]
[SourceVersion "1"]
[SourceVersionDate "2020.09.30"]
[SourceQuality "1"]

1. d4 Nf6 2. c4 e6 3. Nf3 Bb4+ 4. Bd2 Qe7 5. g3 Bxd2+ 6. Qxd2 Nc6 7. b3 Ne4 8.
Qb2 O-O 9. Bg2 d6 10. O-O f5 11. b4 e5 12. e3 Re8 13. Nbd2 Nxd2 14. Nxd2 e4 15.
b5 Nd8 16. a4 Nf7 17. a5 a6 18. b6 c6 19. Rae1 Nh6 20. f3 exf3 21. Bxf3 Qg5 22.
Qc3 Bd7 23. Kh1 Re7 24. Qa3 Qg6 25. e4 Rae8 26. exf5 Bxf5 27. Rxe7 Rxe7 28. Bg2
Bd3 29. Rg1 Ng4 30. Rc1 Ne3 31. Bf3 Rf7 32. Rc3 Nxc4 33. Nxc4 Rxf3 34. Kg2 Qe4
35. Nd2 Qe2+ 36. Kh3 Qxd2 37. Qxd6 Qxc3 38. Qe6+ Rf7 39. Qe8+ Rf8 0-1

[Event "Speed Chess (Women) GP4"]
[Site "Chess.com INT"]
[Date "2020.07.17"]
[Round "3.11"]
[White "Kosteniuk, Alexandra"]
[Black "Khademalsharieh, Sarasadat"]
[Result "1-0"]
[WhiteElo "2471"]
[BlackElo "2494"]
[PlyCount "121"]
[EventDate "2020.07.15"]
[EventType "k.o. (blitz)"]
[EventRounds "4"]
[EventCountry "USA"]
[SourceTitle "CBM 197 Extra"]
[Source "ChessBase"]
[SourceDate "2020.09.30"]
[SourceVersion "1"]
[SourceVersionDate "2020.09.30"]
[SourceQuality "1"]

1. e4 e5 2. Nf3 Nc6 3. Bb5 a6 4. Ba4 d6 5. c3 f5 6. exf5 Bxf5 7. O-O Bd3 8. Re1
Be7 9. Re3 e4 10. Na3 b5 11. Bb3 Nf6 12. Ne1 Ne5 13. Nxd3 exd3 14. h3 c5 15. f4
Ng6 16. Rxd3 c4 17. Nxc4 bxc4 18. Bxc4 Nxf4 19. Rf3 Ng6 20. d4 d5 21. Qa4+ Qd7
22. Qxd7+ Kxd7 23. Bd3 Rhf8 24. Bf5+ Kc6 25. Bg5 Bd6 26. Rc1 Ne7 27. Bd3 h6 28.
Bxf6 Rxf6 29. Rxf6 gxf6 30. c4 dxc4 31. Be4+ Nd5 32. Rxc4+ Kb5 33. Bxd5 Re8 34.
Kf2 Bf4 35. b3 Be3+ 36. Kf3 Bg5 37. a4+ Kb6 38. b4 Re3+ 39. Kf2 Ra3 40. Rc6+
Ka7 41. a5 Ra4 42. Rc7+ Kb8 43. Rb7+ Kc8 44. Rb6 Kc7 45. Ke2 Ra3 46. Rxa6 Be3
47. Rc6+ Kd7 48. Rc4 Bg1 49. Bb7 Ra2+ 50. Kf3 Rd2 51. Ke4 f5+ 52. Ke5 f4 53. a6
Ra2 54. Kxf4 Kd6 55. Rc6+ Kd7 56. Rc4 Kd6 57. b5 Ra3 58. b6 Be3+ 59. Kf5 Ra5+
60. Kg6 Rb5 61. a7 1-0